000 00791ntaaa2200169 4500
003 01
005 20251027202831.0
008 0714s1973 ag 01
040 _aAR-BaBN
_bspa
_cAR-BaBN
_eaacr
_dRIC
082 _a268.6000 P36
245 _aPeloubet's selected notes on the international Bible lessons for christian teaching
250 _a1 ed.
260 _aBoston :
_bW. H. Wilde Company
300 _atomos
500 _aLos fechas son: Ejs.1 y 1(ii) (987 y 20701) 1922: Ejs.2 y 2(ii) (1195 y 19539) 1926: Ej.3 (10461)1929: Ej.4 (10741) 1945: Ej.5 (10742) 1947: Ej.6 (10743) 1951: Ej. 7 (10744) 1952: Ej.8 (10745) 1953: Ej.9 (10746) 1954: Ej.10 (10747) 1955: Ej.11 (10748) 1956: Ej. 12 (13065) 1928): Ej. 13 (14169) 1877: Ejs.14 y 15 (15487 y 15488) 1964: Ej.16 (19538) 1915:
942 _cBK
999 _c23736
_d23736